000 00741nam a2200241 i 4500
001 bg
245 1 0 _aEkonomia od A do Z :
_bencyklopedia podręczna /
_cpod red. nauk. Sławomira Sztaby ; aut. Agata Adamska [et al.].
260 _aWarszawa :
_bWydawnictwa Akademickie i Profesjonalne,
_c2007.
300 _a519 s. ;
_c22 cm.
650 9 _aEkonomia
655 _aEncyklopedie
700 1 _aSztaba, Sławomir.
_eRed.
700 1 _aAdamska, Agata
020 _a9788360501795
040 _cBPK
041 0 _apol
044 _aPOL
080 _a33(03)
920 _a978-83-60501-79-5
942 _cKS
008 s pl f |000 0 pol
999 _c54892
_d54892
856 _uhttp://koha.tu.koszalin.pl/cgi-bin/koha/opac-detail.pl?biblionumber=54892
_yKatalog online BPK